Customer Relationship Management (Record no. 6274)
[ view plain ]
| 000 -LEADER | |
|---|---|
| fixed length control field | 00549nam a22002057a 4500 |
| 003 - CONTROL NUMBER IDENTIFIER | |
| control field | OSt |
| 005 - DATE AND TIME OF LATEST TRANSACTION | |
| control field | 20190830104218.0 |
| 008 - FIXED-LENGTH DATA ELEMENTS--GENERAL INFORMATION | |
| fixed length control field | 190830b ||||| |||| 00| 0 eng d |
| 020 ## - INTERNATIONAL STANDARD BOOK NUMBER | |
| International Standard Book Number | 9780071379540 |
| 020 ## - INTERNATIONAL STANDARD BOOK NUMBER | |
| International Standard Book Number | 0071379541 |
| 040 ## - CATALOGING SOURCE | |
| Transcribing agency | DDC |
| 082 ## - DEWEY DECIMAL CLASSIFICATION NUMBER | |
| Classification number | 658.8 AND 2002 |
| 100 ## - MAIN ENTRY--PERSONAL NAME | |
| Personal name | Anderson, Kristin; Kerr, Carol |
| 9 (RLIN) | 12888 |
| 245 ## - TITLE STATEMENT | |
| Title | Customer Relationship Management |
| 260 ## - PUBLICATION, DISTRIBUTION, ETC. (IMPRINT) | |
| Place of publication, distribution, etc. | New York; |
| Name of publisher, distributor, etc. | McGraw-hill, |
| Date of publication, distribution, etc. | 2002 |
| 300 ## - PHYSICAL DESCRIPTION | |
| Extent | xii,164p; |
| Other physical details | ill: |
| Dimensions | 22.5cm |
| 504 ## - BIBLIOGRAPHY, ETC. NOTE | |
| Bibliography, etc | Index included |
| 650 ## - SUBJECT ADDED ENTRY--TOPICAL TERM | |
| Topical term or geographic name as entry element | Customer relations |
| 9 (RLIN) | 12889 |
| 942 ## - ADDED ENTRY ELEMENTS (KOHA) | |
| Source of classification or shelving scheme | Dewey Decimal Classification |
| Koha item type | Book |
| Withdrawn status | Lost status | Source of classification or shelving scheme | Damaged status | Not for loan | Home library | Current library | Date acquired | Source of acquisition | Inventory number | Total Checkouts | Full call number | Barcode | Date last seen | Koha item type | Price effective from |
|---|---|---|---|---|---|---|---|---|---|---|---|---|---|---|---|
| Dewey Decimal Classification | Faculty of Management Science Library | Faculty of Management Science Library | 30/08/2019 | Purchase | 19/41102 | 658.8 AND 2002 | 2019-0310 | 30/08/2019 | Book | ||||||
| Dewey Decimal Classification | Faculty of Management Science Library | Faculty of Management Science Library | 30/08/2019 | Purchase | 19/41103 | 658.8 AND 2002 | 2019-0311 | 30/08/2019 | Book | ||||||
| Dewey Decimal Classification | Faculty of Management Science Library | Faculty of Management Science Library | 30/08/2019 | Purchase | 19/41104 | 658.8 AND 2002 | 2019-0312 | 30/08/2019 | Book | ||||||
| Dewey Decimal Classification | Faculty of Management Science Library | Faculty of Management Science Library | 07/12/2022 | Purchase | 17/40182 | 658.8 AND 2002 | 2022-8067 | 07/12/2022 | Book | 07/12/2022 | |||||
| Dewey Decimal Classification | Faculty of Management Science Library | Faculty of Management Science Library | 07/12/2022 | Purchase | 17/40183 | 658.8 AND 2002 | 2022-8068 | 07/12/2022 | Book | 07/12/2022 |
